=LDR 00000nam 2200000 4500 =001 INLIS000000000013192 =005 20130612104624 =008 ***********************************Ind** =035 ##$$0010-061300000013192 =041 ##$$a Ind =082 ##$$a 551.55 =090 ##$$a 551.55, Gum b =245 ##$$a Badai dan angin topan, Kathy Gummell ; alih bahasa, Endang naskah Alimah =260 ##$$a 2004 $b Bandung =300 ##$$a 32 hlm, ilus, 25 cm =650 ##$$a Angin Topan =700 ##$$a Alimah, Endang Naskah =850 ##$$a NBPNMAT